|
|
|
|
| LEADER |
00601cam a2200169 7i4500 |
| 001 |
0000020301 |
| 005 |
20080116090000.0 |
| 090 |
0 |
0 |
|a P 362.1
|b MAL
|
| 110 |
2 |
0 |
|a Malaysia External Trade Development Corporation(MATRADE)
|
| 245 |
2 |
0 |
|a The German market for healthcare products-generic medicines :
|b product market study 2005.
|
| 260 |
0 |
0 |
|a Cologne:
|b MATRADE Cologne,
|c 2005.
|
| 300 |
# |
# |
|a 21 p.
|
| 440 |
0 |
0 |
|a Product market study
|
| 650 |
0 |
0 |
|a Healthcare --
|x Markets --
|z German
|
| 650 |
0 |
0 |
|a Pharmaceutical industry --
|z German
|
| 651 |
0 |
0 |
|a German
|
| 999 |
|
|
|a 0000017942
|b Book
|c Products
|e Business Information Centre
|